| 000 | 00462nam a2200181 a 4500 | ||
|---|---|---|---|
| 001 | 145 | ||
| 003 | CO-ViMGA | ||
| 008 | 141112s2004 ck r 000 u spa d | ||
| 040 |
_aCO-ViMGA _bspa _cCO-ViMGA |
||
| 082 | 0 | 4 | _aENDs |
| 100 | 1 |
_aEnde, Michael _93219 |
|
| 245 | 1 | 0 |
_aEl secreto de Lena / _cMichael Ende |
| 260 |
_aMadrid : _bS.M, _c1991 |
||
| 300 | _a124 p : il | ||
| 490 | _aEl barco de vapor, 1 | ||
| 650 | 1 | 4 |
_aCUENTOS INFANTILES _92743 |
| 942 |
_2ddc _cBK |
||
| 999 |
_c12394 _d12394 |
||